书目信息 |
| 题名: |
环境工程施工技术
|
|
| 作者: | 王怀宇 , ,王惠丰 主编 | |
| 分册: | ||
| 出版信息: | 北京 化学工业出版社 2008.12 |
|
| 页数: | 295页 | |
| 开本: | 26cm | |
| 丛书名: | ||
| 单 册: | ||
| 中图分类: | X5 | |
| 科图分类: | ||
| 主题词: | 环境工程--huan jing gong cheng--工程施工--高等教育--教材 | |
| 电子资源: | ||
| ISBN: | 978-7-122-03836-4 | |
| 000 | 01168nam0 2200301 450 | |
| 001 | 0100005865 | |
| 005 | 20160913144224.31 | |
| 010 | @a978-7-122-03836-4@dCNY29.80@z7-122-03836-X | |
| 100 | @a20081216d2009 em y0chiy50 ea | |
| 101 | 0 | @achi |
| 102 | @aCN@b110000 | |
| 105 | @aak a 000yy | |
| 200 | 1 | @a环境工程施工技术@Ahuan jing gong cheng shi gong ji shu@f王怀宇, 王惠丰主编@Fwang huai yu , wang hui feng zhu bian |
| 210 | @a北京@c化学工业出版社@d2008.12 | |
| 215 | @a295页@c图@d26cm | |
| 320 | @a有书目 | |
| 330 | @a全书分为两篇, 共十三章。第一篇环境工程图, 主要介绍环境工程工艺图、建筑施工图、结构施工图、电器工程图的基本知识。第二篇环境工程施工, 主要内容包括环境工程施工概述、环境工程施工准备、环境土方工程及地基与基础工程施工、环境砌筑工程施工等内容。 | |
| 333 | @a高职高专“十一五”规划教材 | |
| 540 | @a环境工程施工技术 | |
| 606 | 0 | @a环境工程@Ahuan jing gong cheng@x工程施工@x高等教育@j教材 |
| 690 | @aX5@v4 | |
| 701 | 0 | @a王怀宇@Awang huai yu@4主编 |
| 701 | 1 | @a,王惠丰@A, wang hui feng@4主编 |
| 801 | @aCN@bDYGS@c20110510 | |
| 803 | @a高职 | |
| 901 | @a2013 | |
| 905 | @eW218@dX5@b0847567-9@f3 | |
| 962 | @aA9787122038#8A7E00B1 | |
| 环境工程施工技术/王怀宇, 王惠丰主编.-北京:化学工业出版社,2008.12 |
| 295页:图;26cm |
| 使用对象:高职高专“十一五”规划教材 |
| ISBN 978-7-122-03836-4:CNY29.80 |
| 全书分为两篇, 共十三章。第一篇环境工程图, 主要介绍环境工程工艺图、建筑施工图、结构施工图、电器工程图的基本知识。第二篇环境工程施工, 主要内容包括环境工程施工概述、环境工程施工准备、环境土方工程及地基与基础工程施工、环境砌筑工程施工等内容。 |
| ● |
| 相关链接 |
|
|
|
正题名:环境工程施工技术
索取号:X5/W218
 
预约/预借
| 序号 | 登录号 | 条形码 | 馆藏地/架位号 | 状态 | 备注 |
| 1 | 0847567 | 208475675 | 自科二线504/501自科库 97排1列1层/ [索取号:X5/W218] | 在馆 | |
| 2 | 0847568 | 208475684 | 期刊室512/501自科库 97排1列1层/ [索取号:X5/W218] | 在馆 | |
| 3 | 0847569 | 208475693 | 自科库501/501自科库 97排2列4层/ [索取号:X5/W218] | 在馆 | |
| 4 | 1238454 | 212384542 | 自科二线504/501自科库 97排1列1层/ [索取号:X5/W218] | 在馆 |